Návrh vetrania vybranej časti knižničnej budovy

Na minha lista:
Detalhes bibliográficos
Autor principal: Majchráková, Mária (Author)
Outros Autores: Füri, Belo (Thesis advisor)
Formato: Manuscrito Livro
Idioma:eslovaco
Publicado em: 2018
Assuntos:
Acesso em linha:http://is.stuba.sk/zp/portal_zp.pl?podrobnosti=138132
https://opac.crzp.sk/?fn=detailBiblioForm&sid=752BE197E3AE405D428AF279404B
Tags: Adicionar Tag
Sem tags, seja o primeiro a adicionar uma tag!

MARC

LEADER 00000ntm a22000003a 4500
001 stuzp68150
003 SK-STU
005 20230626093655.7
007 ta
008 150427s2015----xo-----f-mn---000-0-slo-d
040 |a STU  |b slo 
041 0 |a slo 
100 1 |a Majchráková, Mária  |u 010290  |4 aut  |U SvF Stavebná fakulta  |T SvF Katedra technických zariadení budov  |X 9978  |U V290  |Y 31  |7 9978 
242 0 1 |a Design of ventilation in selected spaces of library building  |y eng 
245 1 0 |a Návrh vetrania vybranej časti knižničnej budovy 
260 |c 2018 
650 4 |a tepelné zisky  |2 slo 
650 4 |a nútené vetranie  |2 slo 
650 4 |a tepelné čerpadlo  |2 slo 
650 4 |a forced ventilation  |2 eng 
650 4 |a thermal gains  |2 eng 
650 4 |a heat pump  |2 eng 
700 1 |a Füri, Belo  |u 010290  |k Z1  |4 ths  |U SvF Stavebná fakulta  |T SvF Katedra technických zariadení budov  |X 2442  |U V290  |Y 31  |7 A000002442 
856 4 |u http://is.stuba.sk/zp/portal_zp.pl?podrobnosti=138132 
856 4 |u https://opac.crzp.sk/?fn=detailBiblioForm&sid=752BE197E3AE405D428AF279404B